| 000 | 00604nam a22002057a 4500 | ||
|---|---|---|---|
| 003 | SISC | ||
| 005 | 20160307145540.0 | ||
| 008 | 130122t xxu||||| |||| 00| 0 eng d | ||
| 020 | _a0534177069 | ||
| 020 | _a9780534177065 | ||
| 050 |
_aPN 4181 _b.F68 1993 |
||
| 082 |
_aHS 808.53 _bF87 1993 |
||
| 100 |
_aFreeley, Austin J. _915182 |
||
| 245 |
_aArgumentation and debate : _bcritical thinking for reasoned decision making / _cAustin Freeley. |
||
| 260 |
_aAustralia : _bWadsworth, _c2000. |
||
| 300 |
_a478 p. ; _c25 cm. |
||
| 650 |
_aDebates and debating _92043 |
||
| 942 |
_2lcc _cBK |
||
| 999 |
_c9830 _d9830 |
||